| 000 | 00964nam a22002057a 4500 | ||
|---|---|---|---|
| 999 |
_c59638 _d59638 |
||
| 003 | Ge_BSU | ||
| 005 | 20230327121159.0 | ||
| 008 | 230327s2021 ge ||||| |||| 00| 0 geo d | ||
| 020 | _a9789941831997 | ||
| 041 | _ageo | ||
| 080 | _a94(=353.1)(560) ფ-97 | ||
| 100 |
_aფუტკარაძე, ოთარ _91700 |
||
| 245 |
_aშორეული ახლობლები: _bმოთხრობები თურქეთის საქართველოსა და ქართველებზე / _c ოთარ ფუტკარაძე ; რედაქტორი თამაზ ფუტკარაძე. |
||
| 264 |
_aბათუმი, _c 2021. |
||
| 300 |
_a298 გვ. : _bფოტ. ; _c21 სმ. |
||
| 653 | _aქართველები თურქეთში | ||
| 653 | _aისტორია | ||
| 700 |
_aფუტკარაძე, თამაზ _eრედაქტორი _917280 |
||
| 942 |
_2udc _cBK |
||